| 000 | 00546nam a22001817a 4500 | ||
|---|---|---|---|
| 999 |
_c5865 _d5865 |
||
| 003 | AR-CdUCM | ||
| 008 | 190313b ||||| |||| 00| 0 esp d | ||
| 040 |
_aMUNICIPALIDAD PROVINCIAL DEL CUSCO _cBIBLIOTECA MUNICIPAL DEL CUSCO |
||
| 082 |
_a848.9 / _bC46 |
||
| 100 |
_aCéline _917328 |
||
| 245 |
_aViaje al fin de la noche / _cCéline. |
||
| 260 |
_aBuenos Aires : _bRecali, _c1971. |
||
| 300 |
_a187 paginas ; _c17 cm. |
||
| 500 | _aDonación de la familia Luis Nieto | ||
| 650 |
_aNovela francesa _92590 |
||
| 942 |
_2ddc _cLIBROS |
||
| 945 | _aacrt | ||